La única explicación: (Record no. 198408)

MARC details
000 -LEADER
campo de control de longitud fija 00903nam a22002294a 4500
001 - NÚMERO DE CONTROL
campo de control 198408
005 - FECHA Y HORA DE LA ÚLTIMA TRANSACCIÓN
campo de control 20260529184657.0
008 - DATOS DE LONGITUD FIJA--INFORMACIÓN GENERAL
campo de control de longitud fija 260529b2026 sp ||||| |||| 00| 0 spa d
020 ## - NÚMERO INTERNACIONAL ESTÁNDAR DEL LIBRO
Número Internacional Estándar del Libro 979-8195245283
040 ## - FUENTE DE CATALOGACIÓN
Lengua de catalogación spa
Centro/agencia transcriptor ES-MaACL
100 ## - ENTRADA PRINCIPAL--NOMBRE DE PERSONA
Nombre de persona Soriano i Piqueras, Víctor M.
9 (RLIN) 243177
245 ## - MENCIÓN DEL TÍTULO
Título La única explicación:
Resto del título Memoria personal del juicio a un fiscal general
300 ## - DESCRIPCIÓN FÍSICA
Extensión 118 páginas
Dimensiones 20 cm
336 ## - TIPO DE CONTENIDO
Fuente rdacontent
Término de tipo de contenido texto
337 ## - TIPO DE MEDIO
Fuente rdamedia
Nombre/término del tipo de medio sin mediación
338 ## - TIPO DE SOPORTE
Fuente rdacarrier
Nombre/término del tipo de soporte volumen
500 ## - NOTA GENERAL
Nota general Registro Provisional. DJ-8. Depósito J
852 ## - LOCALIZACIÓN
Ubicación ES-MaACL
Ubicación en estantería Depósito J
Número de control de estantería DJ-8
Anotaciones manuscritas Dedicatoria autógrafa del autor
Donativo/Legado Donación: Víctor M. Soriano i Piqueras
Encuadernación Encuadernación cartoné
Nota libre En proceso
942 ## - ELEMENTOS DE ENTRADA SECUNDARIOS (KOHA)
Fuente del sistema de clasificación o colocación Clasificación decimal universal
Tipo de ítem Koha Libro impreso
Suprimir en OPAC No

No items available.